| 000 | 00488nam a2200181 a 4500 | ||
|---|---|---|---|
| 005 | 20220606090850.0 | ||
| 008 | 060313s2002 ea 000 0 eng d | ||
| 020 | _a0618098488 | ||
| 035 | _aUPN01000143428 | ||
| 049 | _aC | ||
| 050 | 4 |
_aPE1625 _bA4.3 2002 |
|
| 245 | 0 | 4 | _aThe american heritage college dictionary. |
| 250 | _a4a ed. | ||
| 260 |
_aBoston, E.U.A : _bHoughton Mifflin, _c2002. |
||
| 300 |
_a1636 p. : _bil. |
||
| 650 | 7 |
_aInglés _vDiccionarios _2 _927129 |
|
| 905 | _aLibro | ||
| 999 |
_c115575 _d115575 |
||